Comparative structure of harvester ant communities in arid Australia and North America (Registro nro. 13734)

Detalles MARC
000 -CABECERA
Campo de control 003700000a22001210004500
090 ## - CLASIFICACIÓN LOCAL
Colección AR
Consecutivo 04634
041 0# - IDIOMA
Código de idioma para texto/pista de sonido o título separado
100 1# - ASIENTO PRINCIPAL--NOMBRE PERSONAL
Nombre personal Morton, S. R.
245 10 - MENCION DE TITULO
Título Comparative structure of harvester ant communities in arid Australia and North America
700 1# - ASIENTO SECUNDARIO - NOMBRE PERSONAL
Nombre personal Davidson, D. W.
773 1# - Item fuente:
Título Ecological monographs
Descripción física 1
Paginas del Articulo 19-38 p.
Lugar, editorial y fecha de publicación 1988
Información sobre la relación 58
942 ## - ELEMENTOS ADICIONALES (KOHA)
Tipo de ítem Artículo
Existencias
Withdrawn status Lost status Damaged status No para préstamo Colección Ubicación Permanente Ubicación actual Fecha de adquisición Datos de publicación Seriada Total Checkouts Número topográfico Inventario / Código de Barras Date last seen Ejemplar Price effective from Forma de adquisición Tipo de material
      No para Préstamo Hemeroteca Bogotá Bogotá 19/03/2010 Fuera de circulación   AR 04634 027989 25/03/2015 1 25/03/2015   Artículo